| 000 | 00405 a2200181 4500 | ||
|---|---|---|---|
| 001 | 144776 | ||
| 040 | _cLeonardo Da Vinci | ||
| 041 | _aPortuguês | ||
| 082 |
_aI B828 _bB828 |
||
| 100 | _aBrenman,ilan | ||
| 245 | _aDepois do foram felizes para sempre | ||
| 250 | _a1.ed | ||
| 260 |
_bCallis _c2012 _aSão Paulo |
||
| 300 | _a16 | ||
| 362 | _a20120000 | ||
| 697 | _aLeitura infantil | ||
| 942 | _cBK | ||
| 999 |
_c144776 _d144776 |
||